Historias de un minuto / (Registro nro. 6563)

000 -CABECERA
campo de control de longitud fija 00852nam a2200277 u 4500
001 - NÚMERO DE CONTROL
campo de control 000057269
005 - FECHA Y HORA DE LA ÚLTIMA TRANSACCIÓN
campo de control 20200120223518.0
008 - DATOS DE LONGITUD FIJA--INFORMACIÓN GENERAL
campo de control de longitud fija 130625s2006 ck a cr 000 0 spa d
020 ## - NÚMERO INTERNACIONAL ESTÁNDAR DEL LIBRO
Número Internacional Estándar del Libro 9789583023477
041 0# - CÓDIGO DE LENGUA
Código de lengua del texto/banda sonora o título independiente *spa
Código de lengua original eng
043 ## - CÓDIGO DE ÁREA GEOGRÁFICA
Código de área geográfica s-ck---
090 ## - LOCALMENTE ASIGNADO TIPO-LC NÚMERO DE CLASIFICACIÓN (OCLC); NÚMERO DE CLASIFICACIÓN LOCAL (RLIN)
Número de clasificación (OCLC) (R) ; Numero de clasificación, CALL (RLIN) (NR) C
Número cutter local (OCLC) ; Número de libro/Signatura topográfica íntegra, CALL (RLIN) CASANhi
100 1# - ENTRADA PRINCIPAL--NOMBRE DE PERSONA
Nombre de persona Casalis, Anna
245 10 - MENCIÓN DE TÍTULO
Título Historias de un minuto /
Mención de responsabilidad, etc. Anna Casalis ; ilustración Tony Wolf; traductor Silvia Dávila Morales.
250 ## - MENCIÓN DE EDICIÓN
Mención de edición 1a. ed.
260 ## - PUBLICACIÓN, DISTRIBUCIÓN, ETC.
Lugar de publicación, distribución, etc. Bogotá :
Nombre del editor, distribuidor, etc. Panamericana,
Fecha de publicación, distribución, etc. 2006.
300 ## - DESCRIPCIÓN FÍSICA
Extensión [54] p. :
Otras características físicas il., col.
490 0# - MENCIÓN DE SERIE
Mención de serie una idea de Andrea Dami
500 ## - NOTA GENERAL
Nota general Título original : One Minute stories
650 14 - PUNTO DE ACCESO ADICIONAL DE MATERIA--TÉRMINO DE MATERIA
Término de materia o nombre geográfico como elemento de entrada Cuentos infantiles.
650 24 - PUNTO DE ACCESO ADICIONAL DE MATERIA--TÉRMINO DE MATERIA
Término de materia o nombre geográfico como elemento de entrada Literatura infantil.
650 24 - PUNTO DE ACCESO ADICIONAL DE MATERIA--TÉRMINO DE MATERIA
Término de materia o nombre geográfico como elemento de entrada Animales en la literatura.
650 24 - PUNTO DE ACCESO ADICIONAL DE MATERIA--TÉRMINO DE MATERIA
Término de materia o nombre geográfico como elemento de entrada Libros ilustrados para niños.
700 1# - PUNTO DE ACCESO ADICIONAL--NOMBRE DE PERSONA
Nombre de persona Wolf, Tony
Término indicativo de función/relación il.
700 1# - PUNTO DE ACCESO ADICIONAL--NOMBRE DE PERSONA
Nombre de persona Dávila Morales, Silvia
Término indicativo de función/relación tr.
Existencias
Estado de retiro Estado de pérdida Fuente del sistema de clasificación o colocación Estado dañado No para préstamo Código de colección Localización permanente Ubicación/localización actual Fecha de adquisición Número de inventario Total de préstamos Signatura topográfica completa Fecha visto por última vez Número de copia Precio válido a partir de Tipo de ítem Koha Nota pública Fecha del último préstamo Código de barras En préstamo
Retirado     Dañado Not For Loan Literatura Infantil Biblioteca Pública San Juan Bosco Biblioteca Pública San Juan Bosco 20/01/2020 115819   C CASANhi 02/09/2021 ej.1 20/01/2020 Libro Literatura Quince días      
Retirado     Dañado Not For Loan Literatura Infantil Biblioteca Pública San Juan Bosco Biblioteca Pública San Juan Bosco 20/01/2020 111683 3 C CASANhi 24/02/2022 ej.2 20/01/2020 Libro Literatura Quince dias 07/02/2022    
          Literatura Infantil Biblioteca Pública San Juan Bosco Biblioteca Pública San Juan Bosco 20/01/2020     C CASANhi 20/01/2020 ej.3 20/01/2020 Libro Literatura Quince días   MOS009395  
          Literatura Infantil Biblioteca Pública San Juan Bosco Biblioteca Pública San Juan Bosco 20/01/2020 116018 15 C CASANhi 27/06/2025 ej.4 20/01/2020 Libro Literatura Quince días 27/06/2025 MOS503001 15/07/2025
Retirado     Dañado Not For Loan Literatura Infantil Biblioteca Pública San Juan Bosco Biblioteca Pública San Juan Bosco 20/01/2020 116018   C CASANhi 20/01/2020 ej.5 20/01/2020 Libro Literatura Quince días      
Retirado     Dañado Not For Loan Literatura Infantil Biblioteca Pública San Juan Bosco Biblioteca Pública San Juan Bosco 20/01/2020 118099   C CASANhi 20/01/2020 ej.6 20/01/2020 Libro Literatura Quince días      

© Todos los derechos reservados para la Biblioteca Pública Municipal San Juan Bosco, 2020
Secretaria de Cultura de Mosquera
Carrera 3 N° 10 Esquina Centro Cultural Barrio El Carmén Teléfono: 8270830 Ext: 34
Funcionando con KOHA
Contacto: Biblioteca Pública Municipal San Juan Bosco/ bibliotecasanjuanbosco@mosquera-cundinamarca.gov.co
Mosquera, Cundinamarca